000 00939nam a22003137a 4500
001 BR2013002131
003 BR-BrBNA
005 20230928104147.0
007 ta
008 230509b bl.||||| |||| 00| 0 por d
040 _aBR-BrBNA
_bpor
_cBiblioteca Nacional de Agricultura
041 _a(Por)
072 _aF04; Q04; E80
_b1190
090 _ 1190 BR2013002131
100 1 _aCosta, A.C.
110 1 _aUniversidade Federal de Lavras, MG (Brasil)
_0Tese (Doutorado)
245 1 _aAdubação orgânica e ensacamento de frutas na produção da pitaia vermelha
260 3 _aLavras, MG (Brasil):
_c2012.
300 _a69 p.
500 _aSummaries (Eng, Por); Several bibliography; 9 tables
650 _aFRUTA TROPICAL
650 _aADUBO ORGÂNICO
650 _aACONDICIONAMENTO
650 _aQUALIDADE
650 _aPRODUTIVIDADE
650 _aANÁLISE QUÍMICA
909 _a202309
_bLucia
_c55
_dLucia Elande
942 _cBK
999 _c78436
_d78436